000 00627 a2200205 4500
003 OSthttp://10.6.22.24:9001/cgi-bin/koha/cataloguing/addbiblio.pl?biblionumber=13570&op=#
005 20180116182934.0
008 161108b xxu||||| |||| 00| 0 eng d
020 _a9781427736130
022 _a1427736138
040 _c0
082 _a332 SCH 2012
100 _aSchweser,Kaplan.
245 _aFinancial Reporting and Analysis
_bCFA / 2012 Level 1.
_cKaplan Schweser.
250 _aBook 3.
260 _aAmerica.
_bKaplan Schweser.
_c2011.
300 _a333p.
500 _aPaper cover
942 _aNBS
_cBK
_k332 SCH
_2ddc
999 _c348943
_d348943